[Event "Quebec-ch classe"]
[Site "Montreal CAN"]
[Date "2008.10.12"]
[Round "4"]
[White "Morissette, Jean"]
[Black "Jiang, Louie"]
[Result "0-1"]
[WhiteElo "2011"]
[BlackElo "2210"]
[PlyCount "97"]
[GameId "2160767910311266"]
[EventDate "2008.10.10"]
[EventType "swiss"]
[EventRounds "5"]
[EventCountry "CAN"]
[SourceTitle "FQE 05"]

1. d4 Nf6 2. c4 e6 3. Nf3 d5 4. g3 c6 5. Bg2 Be7 6. O-O Nbd7 7. Qc2 O-O 8. Rd1 b6 9. cxd5 cxd5 10. Bf4 Ba6 11. Nc3 b5 12. e4 b4 13. exd5 exd5 14. Na4 Rc8 15. Qb3 Qa5 16. Re1 Rfe8 17. Bh3 Bb5 18. Nc5 Bxc5 19. Rxe8+ Rxe8 20. dxc5 Nxc5 21. Qc2 Bd3 22. Qc1 Bg6 23. Ne5 Nd3 24. Nxd3 Bxd3 25. Qc6 Qb5 26. Qc7 Qb6 27. Qxb6 axb6 28. Bd6 Bc2 29. Bxb4 d4 30. Re1 Rd8 31. Be7 Ra8 32. Bg2 Rxa2 33. Ba3 d3 34. Bf3 d2 35. Rf1 Ne4 36. Bd1 Bd3 37. f3 Bxf1 38. Kxf1 Rxa3 39. bxa3 Nc3 40. Be2 d1=Q+ 41. Bxd1 Nxd1 42. Ke2 Nc3+ 43. Kd3 Nb5 44. a4 Nc7 45. Ke4 f6 46. f4 Kf7 47. f5 Ke7 48. g4 Kd6 49. Kd4 0-1

[Event "Quebec-ch classe"]
[Site "Montreal CAN"]
[Date "2008.10.12"]
[Round "4"]
[White "Trinh, Tri Bao"]
[Black "Anastasovski, Nikola"]
[Result "1/2-1/2"]
[WhiteElo "2054"]
[BlackElo "2088"]
[PlyCount "75"]
[GameId "2160767910311268"]
[EventDate "2008.10.10"]
[EventType "swiss"]
[EventRounds "5"]
[EventCountry "CAN"]
[SourceTitle "FQE 05"]

1. c4 c5 2. Nc3 Nc6 3. g3 e5 4. Bg2 g6 5. Nf3 Bg7 6. O-O d6 7. d3 h6 8. Rb1 Be6 9. a3 Qd7 10. b4 Nge7 11. Ne1 O-O 12. b5 Nd8 13. Nc2 f5 14. Ne3 f4 15. Ned5 g5 16. Be4 Bh3 17. Re1 Nxd5 18. Nxd5 Ne6 19. e3 fxg3 20. hxg3 Bf5 21. Qh5 Nc7 22. Nc3 Ne8 23. Nd5 Rf7 24. Rb2 Nf6 25. Nxf6+ Rxf6 26. Bxf5 Qxf5 27. e4 Qf3 28. Qxf3 Rxf3 29. Be3 g4 30. Kg2 Kh7 31. Rh1 Kg6 32. Kf1 Raf8 33. Ke2 h5 34. Rh2 Bf6 35. Rb1 Bg5 36. Bxg5 Kxg5 37. Rbh1 Rh8 38. a4 1/2-1/2

[Event "Quebec-ch classe"]
[Site "Montreal CAN"]
[Date "2008.10.12"]
[Round "5"]
[White "Anastasovski, Nikola"]
[Black "Ramaswamy, Kishor"]
[Result "0-1"]
[WhiteElo "2088"]
[BlackElo "2187"]
[PlyCount "96"]
[GameId "2160767910311269"]
[EventDate "2008.10.10"]
[EventType "swiss"]
[EventRounds "5"]
[EventCountry "CAN"]
[SourceTitle "FQE 05"]

1. e4 c6 2. d4 d5 3. e5 c5 4. c3 Nc6 5. Be3 Nh6 6. h3 Qb6 7. Qd2 Nf5 8. Nf3 cxd4 9. cxd4 Nxe3 10. fxe3 Bf5 11. Nc3 e6 12. Be2 Be7 13. O-O O-O 14. Ne1 Na5 15. Nxd5 exd5 16. Rxf5 Rac8 17. Bd3 Nc4 18. Bxc4 Rxc4 19. Nd3 Rfc8 20. Raf1 Rc2 21. Qd1 Qg6 22. R5f2 Rxf2 23. Rxf2 Bh4 24. Rc2 Rxc2 25. Qxc2 h6 26. Nb4 Qe6 27. Qe2 a5 28. Nd3 Qf5 29. b3 Bg3 30. Nc1 Qb1 31. Qd2 Qf5 32. Qe2 Qb1 33. Qd2 Qf5 34. Qe2 Qb1 35. Qd1 h5 36. Kf1 h4 37. Ke2 Qe4 38. Kd2 Qxg2+ 39. Qe2 Qxh3 40. Qf3 Qh2+ 41. Ne2 Qf2 42. Qg4 b5 43. Kd3 Qe1 44. Kc2 b4 45. e6 fxe6 46. Qxe6+ Kh7 47. Qg4 g6 48. Nxg3 Qxg3 0-1

[Event "Quebec-ch classe"]
[Site "Montreal CAN"]
[Date "2008.10.12"]
[Round "5"]
[White "Fareh, Youness"]
[Black "Le Duin, Thierry"]
[Result "1/2-1/2"]
[WhiteElo "2175"]
[BlackElo "2020"]
[PlyCount "156"]
[GameId "2160767910311270"]
[EventDate "2008.10.10"]
[EventType "swiss"]
[EventRounds "5"]
[EventCountry "CAN"]
[SourceTitle "FQE 05"]

1. Nf3 Nf6 2. c4 g6 3. Nc3 Bg7 4. g3 O-O 5. Bg2 d6 6. O-O c5 7. Rb1 Nc6 8. a3 a5 9. d3 e5 10. Bg5 h6 11. Bd2 Kh7 12. Nb5 Na7 13. Nc3 Nc6 14. Nb5 Na7 15. Nxa7 Rxa7 16. b4 axb4 17. axb4 b6 18. Qb3 Be6 19. Bc3 Qd7 20. Ra1 Rxa1 21. Rxa1 e4 22. Nd2 exd3 23. exd3 b5 24. Qb2 Nh5 25. Bxg7 Nxg7 26. Ne4 Nh5 27. bxc5 bxc4 28. dxc4 dxc5 29. Nxc5 Qc7 30. Nxe6 fxe6 31. Qd4 Rd8 32. Ra7 Rxd4 33. Rxc7+ Ng7 34. Bh3 Kg8 35. c5 Kf8 36. c6 Rc4 37. Kf1 Rc5 38. Rc8+ Ke7 39. Bg2 Ne8 40. Ra8 h5 41. h4 Nc7 42. Rg8 Kf7 43. Rd8 Nd5 44. Bxd5 exd5 45. Rd6 Rc4 46. Ke2 Kg7 47. Ke3 Re4+ 48. Kd3 Rc4 49. f3 Kf7 50. Rd7+ Ke8 51. Rc7 Kd8 52. Rd7+ Ke8 53. Rd6 Kf7 54. f4 Kg7 55. Ke3 Re4+ 56. Kf3 Rc4 57. Rd7+ Kf6 58. Rd6+ Kf7 59. f5 gxf5 60. Rxd5 Rxc6 61. Kf4 Kg6 62. Ke5 Ra6 63. Rd4 Ra5+ 64. Kf4 Ra6 65. Rd8 Ra4+ 66. Kf3 Ra3+ 67. Kg2 Kg7 68. Rd6 Rb3 69. Kf2 Ra3 70. Re6 Rb3 71. Re3 Rb2+ 72. Kf3 Kf6 73. Rc3 Rb4 74. Rc6+ Kg7 75. Rd6 Ra4 76. Ke3 Rg4 77. Kf3 Ra4 78. Rd3 Rb4 1/2-1/2

[Event "Quebec-ch classe"]
[Site "Montreal CAN"]
[Date "2008.10.12"]
[Round "5"]
[White "Masse, Hugues"]
[Black "Jiang, Louie"]
[Result "1-0"]
[WhiteElo "2255"]
[BlackElo "2210"]
[PlyCount "149"]
[GameId "2160767910311272"]
[EventDate "2008.10.10"]
[EventType "swiss"]
[EventRounds "5"]
[EventCountry "CAN"]
[SourceTitle "FQE 05"]

1. d4 d5 2. c4 e6 3. Nc3 Nf6 4. Nf3 c6 5. e3 Nbd7 6. Qc2 Bd6 7. Bd3 O-O 8. O-O dxc4 9. Bxc4 b5 10. Bd3 Bb7 11. a3 Qe7 12. Bd2 a5 13. Ne2 Rfe8 14. Ng3 g6 15. Rac1 a4 16. Rfd1 Rac8 17. e4 e5 18. dxe5 Nxe5 19. Nxe5 Bxe5 20. f3 Qd6 21. Nf1 Qd4+ 22. Be3 Qxb2 23. Qc5 Nd7 24. Qa7 Rc7 25. Qa5 Ra8 26. Qe1 Qxa3 27. Bxb5 cxb5 28. Rxc7 Bxc7 29. Rxd7 Rc8 30. Qh4 Qf8 31. Bd4 Bd8 32. Qf4 Rc4 33. Ba1 f6 34. Rxb7 Qc5+ 35. Qe3 Qxe3+ 36. Nxe3 Rc1+ 37. Kf2 Rxa1 38. Rb8 b4 39. Rxd8+ Kg7 40. Rb8 b3 41. Ke2 Ra2+ 42. Kd3 b2 43. Rb7+ Kf8 44. Nc4 a3 45. Kd4 Ra1 46. Nxa3 Rxa3 47. Rxb2 Ra7 48. Kd5 Kf7 49. Kc6 Ra6+ 50. Kc5 Ra5+ 51. Kd4 Ra4+ 52. Ke3 h5 53. h4 Ke6 54. Kf4 Ra5 55. Rb7 g5+ 56. hxg5 Rxg5 57. g3 Kd6 58. Rb8 Ke7 59. Rb7+ Ke6 60. Rc7 Kd6 61. Rc1 Ke6 62. Rd1 Rg8 63. Rh1 Rg5 64. Rd1 Rg8 65. Rd5 Rh8 66. Ra5 Rh6 67. Ra6+ Ke7 68. Kf5 h4 69. gxh4 Rxh4 70. Re6+ Kf7 71. Rxf6+ Ke7 72. Re6+ Kf7 73. Ra6 Rh5+ 74. Kg4 Rh1 75. f4 1-0

[Event "Quebec-ch classe"]
[Site "Montreal CAN"]
[Date "2008.10.12"]
[Round "5"]
[White "Rainfray, Arnaud"]
[Black "Larochelle, Martial"]
[Result "0-1"]
[WhiteElo "2397"]
[BlackElo "2214"]
[PlyCount "76"]
[GameId "2160767910311273"]
[EventDate "2008.10.10"]
[EventType "swiss"]
[EventRounds "5"]
[EventCountry "CAN"]
[SourceTitle "FQE 05"]

1. e4 c5 2. c3 Nf6 3. e5 Nd5 4. d4 cxd4 5. Nf3 e6 6. cxd4 d6 7. Bc4 Nc6 8. O-O Be7 9. Qe2 O-O 10. Nc3 Nxc3 11. bxc3 dxe5 12. dxe5 Qa5 13. Bd3 Bd7 14. Rb1 Rab8 15. Rd1 Rfd8 16. Rb5 Qc7 17. Ng5 g6 18. Bf4 a6 19. Rbb1 Be8 20. Qe3 Rd5 21. c4 Rxe5 22. Bxe5 Nxe5 23. Qg3 Rc8 24. Be4 b6 25. Rdc1 Bd6 26. Qh3 h5 27. Rc2 Ng4 28. Kh1 Bc5 29. Rf1 Qf4 30. f3 Nf2+ 31. Rcxf2 Bxf2 32. Nxe6 Qd2 33. f4 Rxc4 34. Qd3 Rc1 35. Nc7 Bc6 36. Bxg6 Rxf1+ 37. Qxf1 fxg6 38. Qc4+ Kh8 0-1

[Event "Quebec-ch classe U1600"]
[Site "Montreal CAN"]
[Date "2008.10.10"]
[Round "1"]
[White "Tremblay, Manuel"]
[Black "Miron, Gilles"]
[Result "1-0"]
[WhiteElo "1505"]
[BlackElo "1423"]
[PlyCount "141"]
[GameId "2160767910311274"]
[EventDate "2008.10.10"]
[EventType "swiss"]
[EventRounds "5"]
[EventCountry "CAN"]
[SourceTitle "FQE 05"]

1. d4 Nf6 2. Nf3 d5 3. c4 e6 4. Nc3 c5 5. e3 Nc6 6. Be2 Bd6 7. cxd5 exd5 8. dxc5 Bxc5 9. O-O O-O 10. b3 Be6 11. Bb2 Qe7 12. Nb5 a6 13. Nbd4 Nxd4 14. Nxd4 Ba3 15. Bxa3 Qxa3 16. Qd3 Rac8 17. Nxe6 fxe6 18. Qd4 Rc2 19. Bd3 Rxa2 20. Rxa2 Qxa2 21. Qb6 Re8 22. Qxb7 Qa3 23. Bxa6 Qd6 24. Rc1 Qe5 25. Rc7 Qa1+ 26. Bf1 Ne4 27. Rc8 Rxc8 28. Qxc8+ Kf7 29. Qc2 Qc3 30. Qxc3 Nxc3 31. Bd3 h6 32. Kf1 Ke7 33. Ke1 Kd6 34. Kd2 Na2 35. f4 Nb4 36. Bg6 Nc6 37. Kc3 Ne7 38. Bh7 d4+ 39. Kxd4 Nc6+ 40. Kc4 Ne7 41. g4 g6 42. h4 Nd5 43. Kd4 Nf6 44. Bxg6 Nxg4 45. e4 e5+ 46. fxe5+ Nxe5 47. h5 Nc6+ 48. Kc4 Ne5+ 49. Kb5 Kc7 50. Kc5 Nc6 51. b4 Ne5 52. Kd5 Nd7 53. e5 Nb6+ 54. Ke6 Kd8 55. Bd3 Nc8 56. Kf7 Ne7 57. Kg7 Nd5 58. b5 Nf4 59. Bg6 Ke7 60. Kxh6 Ne6 61. Bf5 Nd4 62. Bd3 Ke6 63. Kg5 Nf3+ 64. Kf4 Nxe5 65. Bg6 Kf6 66. b6 Nd7 67. b7 Nb8 68. Ke4 Nd7 69. Kd5 Nb8 70. Kd6 Kg7 71. Bd3 1-0

[Event "Quebec-ch classe U1600"]
[Site "Montreal CAN"]
[Date "2008.10.11"]
[Round "3"]
[White "Wang, Yan"]
[Black "Tremblay, Manuel"]
[Result "1-0"]
[WhiteElo "1597"]
[BlackElo "1505"]
[PlyCount "59"]
[GameId "2160767910311275"]
[EventDate "2008.10.10"]
[EventType "swiss"]
[EventRounds "5"]
[EventCountry "CAN"]
[SourceTitle "FQE 05"]

1. e4 c6 2. d4 d5 3. Nd2 dxe4 4. Nxe4 Bf5 5. Ng3 Bg6 6. Nf3 h6 7. h4 Nd7 8. h5 Bh7 9. Bd3 Ngf6 10. Bxh7 Nxh7 11. Qe2 e6 12. Bf4 Nhf6 13. O-O-O Qa5 14. Kb1 Nd5 15. Bd2 Qb6 16. c4 Ba3 17. Ba5 Qxa5 18. cxd5 Qxd5 19. bxa3 O-O 20. Ne4 Rab8 21. g4 a5 22. g5 hxg5 23. Nexg5 b5 24. h6 g6 25. Qe3 b4 26. Rd3 bxa3+ 27. Ka1 Rb5 28. Ne4 Rb7 29. Ne5 Kh7 30. Nxd7 1-0

[Event "Quebec-ch classe U1600"]
[Site "Montreal CAN"]
[Date "2008.10.12"]
[Round "4"]
[White "Tremblay, Manuel"]
[Black "Dardoura, Khaled"]
[Result "0-1"]
[WhiteElo "1505"]
[BlackElo "1416"]
[PlyCount "96"]
[GameId "2160767910311276"]
[EventDate "2008.10.10"]
[EventType "swiss"]
[EventRounds "5"]
[EventCountry "CAN"]
[SourceTitle "FQE 05"]

1. d4 d5 2. Nf3 e6 3. c4 c5 4. cxd5 exd5 5. dxc5 Nc6 6. e3 Bxc5 7. Bb5 Nge7 8. Nc3 Bb4 9. Bd2 O-O 10. O-O Bg4 11. a3 Ba5 12. b4 Bb6 13. Bc1 d4 14. Na4 dxe3 15. Qxd8 exf2+ 16. Kh1 Bxd8 17. Rxf2 a6 18. Be2 b5 19. Nc5 Bb6 20. Bb2 Rfd8 21. Rff1 Nd5 22. Rad1 Nf4 23. Bd3 Bxc5 24. bxc5 Rxd3 25. Rxd3 Nxd3 26. Nd4 Nxd4 27. Bxd4 Rc8 28. h3 Bh5 29. Rf5 Bg6 30. Rd5 h6 31. Kh2 Rc6 32. Rd6 Rxd6 33. cxd6 Bf5 34. Kg3 f6 35. Kf3 Kf7 36. g4 Bd7 37. Ke4 Ne1 38. Kd5 Nd3 39. Ke4 Nc1 40. Bb6 Ke6 41. Bc7 g6 42. Kd4 Ne2+ 43. Kc5 Nf4 44. h4 f5 45. gxf5+ gxf5 46. Kb6 Nd5+ 47. Kxa6 Nxc7+ 48. dxc7 f4 0-1

[Event "Quebec-ch classe U2000"]
[Site "Montreal CAN"]
[Date "2008.10.10"]
[Round "1"]
[White "Lalonde, Paul"]
[Black "Giroux, Robert"]
[Result "0-1"]
[WhiteElo "1865"]
[BlackElo "1972"]
[PlyCount "60"]
[GameId "2160767910311277"]
[EventDate "2008.10.10"]
[EventType "swiss"]
[EventRounds "5"]
[EventCountry "CAN"]
[SourceTitle "FQE 05"]

1. e4 c5 2. Nf3 g6 3. d4 cxd4 4. Nxd4 Nc6 5. Bc4 Bg7 6. Be3 Nf6 7. Nc3 O-O 8. f3 Qb6 9. O-O Qxb2 10. Ndb5 Qb4 11. Qe2 Qa5 12. Bd2 Qd8 13. e5 Ne8 14. f4 a6 15. Na3 b5 16. Bd5 b4 17. Nc4 bxc3 18. Bxc3 Qc7 19. Rad1 Rb8 20. Rf3 Nb4 21. Rg3 Qc5+ 22. Qe3 Qxe3+ 23. Nxe3 Nxd5 24. Nxd5 d6 25. Nxe7+ Kh8 26. exd6 Bxc3 27. Nxc8 Rxc8 28. d7 Rd8 29. Rxc3 Nf6 30. Rd6 Ne4 0-1

[Event "Quebec-ch classe U2000"]
[Site "Montreal CAN"]
[Date "2008.10.10"]
[Round "1"]
[White "Morin, Louis"]
[Black "Lalumiere, Claude"]
[Result "0-1"]
[WhiteElo "1934"]
[BlackElo "1835"]
[PlyCount "104"]
[GameId "2160767910311278"]
[EventDate "2008.10.10"]
[EventType "swiss"]
[EventRounds "5"]
[EventCountry "CAN"]

1. e4 c5 2. d4 cxd4 3. c3 d3 4. Bxd3 Nc6 5. Nf3 d6 6. O-O Nf6 7. h3 e6 8. Bf4 Be7 9. c4 Qb6 10. Nc3 a6 11. Be2 O-O 12. Bxd6 Bxd6 13. Qxd6 Qxb2 14. Rac1 Nxe4 15. Nxe4 Qxe2 16. Rfe1 Qxa2 17. Nfg5 Qa5 18. Nxh7 Rd8 19. Nef6+ gxf6 20. Qg3+ Kxh7 21. Re4 Rd4 22. Qh4+ Kg7 23. Rxd4 Nxd4 24. Qxd4 e5 25. Qd3 Be6 26. Rb1 Qc7 27. Qg3+ Kf8 28. Qf3 Rb8 29. Qxf6 Ke8 30. Rd1 Rd8 31. Re1 e4 32. Qh8+ Kd7 33. Qd4+ Kc8 34. Qxe4 Qc6 35. Qxc6+ bxc6 36. c5 Kc7 37. g4 Rd5 38. Rc1 a5 39. f4 f6 40. f5 Bf7 41. Kf2 Re5 42. h4 a4 43. Kg3 a3 44. h5 a2 45. h6 Re8 46. h7 Rh8 47. Rh1 Bd5 48. g5 fxg5 49. Ra1 Rxh7 50. f6 Rf7 51. Kg4 Rxf6 52. Kxg5 Rf2 0-1

[Event "Quebec-ch classe U2000"]
[Site "Montreal CAN"]
[Date "2008.10.11"]
[Round "2"]
[White "Blais, Richard"]
[Black "Morin, Louis"]
[Result "1-0"]
[WhiteElo "1862"]
[BlackElo "1934"]
[PlyCount "159"]
[GameId "2160767910311279"]
[EventDate "2008.10.10"]
[EventType "swiss"]
[EventRounds "5"]
[EventCountry "CAN"]

1. e4 e5 2. Nf3 d6 3. d4 Nf6 4. Nc3 Nbd7 5. Be2 Be7 6. O-O O-O 7. h3 c6 8. Be3 b5 9. dxe5 dxe5 10. a3 Qc7 11. Nd2 Bc5 12. Bxc5 Nxc5 13. Bf3 Rd8 14. Qe1 Ne6 15. Qe3 Nd4 16. Rac1 Be6 17. Rfd1 a5 18. Ne2 c5 19. Ng3 Ra6 20. c3 Nxf3+ 21. Nxf3 Nd7 22. Rd2 Rd6 23. Rcd1 Nf8 24. Rxd6 Rxd6 25. Rxd6 Qxd6 26. Qd2 Qxd2 27. Nxd2 g6 28. f3 Nd7 29. Ngf1 Nb6 30. Ne3 f5 31. Kf2 f4 32. Nd1 g5 33. b3 Kg7 34. Nb2 Kg6 35. Nd3 Nd7 36. b4 cxb4 37. cxb4 axb4 38. axb4 Kf6 39. Nb1 Bc4 40. Nb2 Ke6 41. Na3 Bb3 42. Nxb5 Nb8 43. Nc3 Kd6 44. Nba4 Na6 45. b5 Nc5 46. Nb6 h5 47. Nbd5 Nb7 48. Nf6 h4 49. Ncd5 Bc4 50. b6 Kc6 51. Ne7+ Kxb6 52. Ng6 Kc5 53. Nxe5 Be6 54. Nh7 Kd4 55. Ng4 Nc5 56. Nxg5 Nd3+ 57. Kg1 Bg8 58. Nh6 Bb3 59. Nf5+ Ke5 60. Nh7 Bg8 61. Nf8 Kf6 62. Nxh4 Ne5 63. Kf2 Kf7 64. Nfg6 Nxg6 65. Nxg6 Kxg6 66. g3 Be6 67. h4 Kh5 68. gxf4 Kxh4 69. Ke3 Kh5 70. f5 Bc8 71. Kf4 Kh6 72. e5 Kg7 73. Kg5 Kf7 74. f4 Bd7 75. e6+ Bxe6 76. fxe6+ Kxe6 77. Kg6 Ke7 78. f5 Kf8 79. Kf6 Kg8 80. Ke7 1-0

[Event "Quebec-ch classe U2000"]
[Site "Montreal CAN"]
[Date "2008.10.11"]
[Round "2"]
[White "Lalumiere, Claude"]
[Black "Bouchard, Jean-Marc"]
[Result "0-1"]
[WhiteElo "1835"]
[BlackElo "1763"]
[PlyCount "104"]
[GameId "2160767910311280"]
[EventDate "2008.10.10"]
[EventType "swiss"]
[EventRounds "5"]
[EventCountry "CAN"]
[SourceTitle "FQE 05"]

1. e4 e6 2. d4 d5 3. Nc3 Nf6 4. Bg5 Be7 5. e5 Nfd7 6. Bxe7 Qxe7 7. Bd3 a6 8. Nce2 c5 9. c3 Nc6 10. Qd2 b5 11. f4 b4 12. Nf3 a5 13. Bb5 Bb7 14. O-O O-O 15. Rae1 f5 16. exf6 Nxf6 17. Ng3 bxc3 18. bxc3 cxd4 19. cxd4 Qd6 20. Ng5 Bc8 21. f5 exf5 22. Nxf5 Bxf5 23. Rxf5 Ng4 24. Rxf8+ Rxf8 25. g3 Nd8 26. Be2 Nxh2 27. Kg2 Qf6 28. Kxh2 Qf2+ 29. Kh3 Rf6 30. Rf1 Rh6+ 31. Kg4 Qh2 32. Rf5 Rg6 33. Qe3 Ne6 34. Kf3 h6 35. Qe5 Nxg5+ 36. Rxg5 hxg5 37. Qe8+ Kh7 38. Bd3 g4+ 39. Ke3 Qxg3+ 40. Kd2 Qd6 41. Ke1 g3 42. Qc8 Qe7+ 43. Kd1 g2 44. Bxg6+ Kxg6 45. Qg4+ Qg5 46. Qe6+ Kh5 47. Qh3+ Qh4 48. Qf5+ g5 49. Qf7+ Kg4 50. Qe6+ Kg3 51. Qe1+ Kh2 52. Qe5+ Qf4 0-1

[Event "Quebec-ch classe U2000"]
[Site "Montreal CAN"]
[Date "2008.10.11"]
[Round "3"]
[White "Bouchard, Jean-Marc"]
[Black "Giroux, Robert"]
[Result "1-0"]
[WhiteElo "1763"]
[BlackElo "1972"]
[PlyCount "149"]
[GameId "2160767910311281"]
[EventDate "2008.10.10"]
[EventType "swiss"]
[EventRounds "5"]
[EventCountry "CAN"]
[SourceTitle "FQE 05"]

1. e4 e5 2. Nf3 Nc6 3. Bb5 a6 4. Ba4 Nf6 5. Qe2 b5 6. Bb3 Be7 7. c3 d6 8. h3 Na5 9. Bc2 c5 10. O-O O-O 11. d4 Nd7 12. Rd1 Qc7 13. dxc5 dxc5 14. Nbd2 Bf6 15. Nf1 Nc4 16. b3 Nd6 17. Ng3 g6 18. Bh6 Re8 19. Rd2 Nf8 20. Rad1 Nb7 21. Nh2 Be6 22. Ng4 Qe7 23. Nxf6+ Qxf6 24. Qe3 Rac8 25. Bg5 Qg7 26. Qf3 h6 27. Bf6 Qh7 28. Nf5 Rc7 29. Ng7 Rec8 30. Bxe5 Rd7 31. Nxe6 Rxd2 32. Rxd2 fxe6 33. Qf6 Re8 34. f4 Re7 35. f5 exf5 36. exf5 g5 37. Bg3 Qg7 38. Qxg7+ Kxg7 39. Bf2 Nd7 40. Be4 Nd8 41. Bf3 Nf7 42. Bb7 Nf6 43. Bxa6 Ne4 44. Re2 Kf6 45. Bxb5 Kxf5 46. Bd3 Re5 47. Bxe4+ Rxe4 48. Rxe4 Kxe4 49. Bxc5 Ne5 50. a4 Kd5 51. Bd4 Nc6 52. Kf2 Na5 53. b4 Nb7 54. a5 Nd6 55. Kf3 h5 56. g4 h4 57. Bf6 Ne4 58. Bd4 Nd6 59. a6 Kc6 60. Bc5 Nb5 61. Bd4 Nc7 62. a7 Kb7 63. Ke4 Ne6 64. Kf5 Nf4 65. Kxg5 Nxh3+ 66. Kxh4 Nf4 67. g5 Ng6+ 68. Kg4 Ne7 69. Kf4 Ng6+ 70. Kf5 Ne7+ 71. Kf6 Nd5+ 72. Kf7 Nf4 73. g6 Nh3 74. g7 Ng5+ 75. Kg6 1-0

[Event "Quebec-ch classe U2000"]
[Site "Montreal CAN"]
[Date "2008.10.11"]
[Round "3"]
[White "Morin, Louis"]
[Black "Kayembe, Doris"]
[Result "1-0"]
[WhiteElo "1934"]
[BlackElo "1936"]
[PlyCount "135"]
[GameId "2160767910311282"]
[EventDate "2008.10.10"]
[EventType "swiss"]
[EventRounds "5"]
[EventCountry "CAN"]

1. e4 d5 2. exd5 Qxd5 3. Nc3 Qd6 4. d4 Nf6 5. Bc4 a6 6. Nge2 b5 7. Bb3 Bb7 8. Bf4 Qd8 9. O-O e6 10. Re1 Be7 11. Qd2 O-O 12. Rad1 Nbd7 13. Ng3 c5 14. dxc5 Nxc5 15. Qxd8 Rfxd8 16. Nf5 Bf8 17. Nd6 Bc6 18. h3 Rd7 19. Rd2 Rad8 20. Red1 b4 21. Ne2 Nxb3 22. axb3 Nd5 23. Nc4 Nxf4 24. Nxf4 Rxd2 25. Rxd2 Rxd2 26. Nxd2 e5 27. Nd3 f6 28. f3 Kf7 29. Kf2 Ke6 30. Ke3 f5 31. Nc4 e4 32. fxe4 fxe4 33. Nf4+ Kf5 34. g4+ Kf6 35. Kd4 g5 36. Nd5+ Bxd5 37. Kxd5 h6 38. Kxe4 Ke6 39. c3 Be7 40. Ne3 Bf6 41. Nd5 bxc3 42. bxc3 Be5 43. c4 a5 44. Ne3 Bd6 45. Nf5 Bf8 46. Nd4+ Kd6 47. Kf5 Bg7 48. Nc2 Kc5 49. Kg6 Bf8 50. Kf7 Bd6 51. Kg7 Bf4 52. Kxh6 Kd6 53. Nd4 Kc5 54. Nc2 Kd6 55. Kh5 Ke5 56. h4 gxh4 57. Kxh4 Ke4 58. g5 Kd3 59. g6 Be5 60. Ne1+ Kc3 61. Nf3 Bf6+ 62. Kg4 Kxb3 63. c5 a4 64. Nd2+ Kb4 65. c6 a3 66. c7 a2 67. c8=Q a1=Q 68. Qc4+ 1-0

[Event "Quebec-ch classe U2000"]
[Site "Montreal CAN"]
[Date "2008.10.12"]
[Round "4"]
[White "Crete, Michel"]
[Black "Morin, Louis"]
[Result "0-1"]
[WhiteElo "1891"]
[BlackElo "1934"]
[PlyCount "36"]
[GameId "2160767910311283"]
[EventDate "2008.10.10"]
[EventType "swiss"]
[EventRounds "5"]
[EventCountry "CAN"]

1. d4 d5 2. c4 e6 3. Nc3 c5 4. Nf3 Nc6 5. cxd5 exd5 6. g3 Nf6 7. Bg2 Be7 8. O-O O-O 9. Bg5 Be6 10. Qd2 Ne4 11. Nxe4 dxe4 12. Bxe7 Qxe7 13. Ng5 Nxd4 14. Nxe4 Rad8 15. Qe3 Nc2 16. Qxc5 Qxc5 17. Nxc5 Nxa1 18. Rxa1 Rd2 0-1

[Event "Quebec-ch classe U2000"]
[Site "Montreal CAN"]
[Date "2008.10.12"]
[Round "4"]
[White "Giroux, Robert"]
[Black "Desjardins, Michel"]
[Result "1/2-1/2"]
[WhiteElo "1972"]
[BlackElo "1931"]
[PlyCount "69"]
[GameId "2160767910311284"]
[EventDate "2008.10.10"]
[EventType "swiss"]
[EventRounds "5"]
[EventCountry "CAN"]
[SourceTitle "FQE 05"]

1. c4 e5 2. Nc3 Nc6 3. g3 g6 4. Bg2 Bg7 5. d3 d6 6. Rb1 Be6 7. Nf3 f5 8. O-O Nf6 9. Bg5 h6 10. Bxf6 Qxf6 11. Nd2 O-O 12. b4 a6 13. a4 Rab8 14. Nd5 Qf7 15. b5 axb5 16. axb5 Na5 17. b6 c5 18. f4 Kh7 19. e3 Nc6 20. Nc7 Nb4 21. Rxb4 cxb4 22. Nb3 e4 23. Na5 d5 24. c5 Bc3 25. d4 Rfc8 26. Nb5 Qd7 27. Nd6 Rd8 28. Qc2 Qe7 29. Rb1 Rxd6 30. cxd6 Qxd6 31. Nb3 Qxb6 32. Nc5 Qd6 33. Bf1 b6 34. Na6 Ra8 35. Qb3 1/2-1/2

[Event "Quebec-ch classe U2000"]
[Site "Montreal CAN"]
[Date "2008.10.12"]
[Round "5"]
[White "Morin, Louis"]
[Black "Nardone, Raul"]
[Result "1/2-1/2"]
[WhiteElo "1934"]
[BlackElo "1795"]
[PlyCount "66"]
[GameId "2160767910311285"]
[EventDate "2008.10.10"]
[EventType "swiss"]
[EventRounds "5"]
[EventCountry "CAN"]

1. e4 c5 2. d4 cxd4 3. c3 dxc3 4. Nxc3 Nc6 5. Nf3 d6 6. Bc4 e6 7. O-O Be7 8. Qe2 Bd7 9. Rd1 a6 10. h3 Ne5 11. Nxe5 dxe5 12. Be3 Qa5 13. a3 Nf6 14. b4 Qc7 15. Rac1 O-O 16. Bb3 Bc6 17. Ba4 b5 18. Nxb5 axb5 19. Bxb5 Rxa3 20. Rxc6 Qb7 21. Rb6 Qxe4 22. Bd3 Qa8 23. Bc5 Bxc5 24. bxc5 Nd5 25. Qe4 f5 26. Qxe5 Nxb6 27. Qxe6+ Kh8 28. cxb6 Ra1 29. Rxa1 Qxa1+ 30. Kh2 Qd4 31. Qe7 Rg8 32. Qe3 Qxe3 33. fxe3 Rb8 1/2-1/2

[Event "Quebec-ch qual"]
[Site "Gatineau CAN"]
[Date "2008.03.11"]
[Round "1"]
[White "Berthiaume, Patrick"]
[Black "Scantland, Patrick"]
[Result "0-1"]
[WhiteElo "1214"]
[BlackElo "1711"]
[PlyCount "114"]
[GameId "2160767910413227"]
[EventDate "2008.03.11"]
[EventType "swiss"]
[EventRounds "5"]
[EventCountry "CAN"]
[SourceTitle "EXT 2011"]
[Source "ChessBase"]
[SourceDate "2011.11.26"]
[SourceVersion "1"]
[SourceVersionDate "2011.11.26"]
[SourceQuality "1"]

1. e4 c5 2. Nf3 d6 3. d4 cxd4 4. Nxd4 Nf6 5. Nc3 a6 6. a4 Nc6 7. Nb3 e6 8. Bd3 Be7 9. a5 d5 10. exd5 Nxd5 11. Nxd5 Qxd5 12. O-O Nb4 13. Be3 Bd7 14. Qe2 Nxd3 15. Qxd3 Qxd3 16. cxd3 Bb5 17. Rfd1 Rd8 18. d4 O-O 19. Nc5 Bc6 20. b4 Rd5 21. Ra3 Rfd8 22. Rc3 e5 23. Rcd3 Bf6 24. dxe5 Bxe5 25. f4 Bc3 26. Rxd5 Rxd5 27. Rb1 Bd2 28. Bxd2 Rxd2 29. g3 Rg2+ 30. Kf1 Rxh2 31. Kg1 Rg2+ 32. Kf1 Rxg3 33. Rc1 Rf3+ 34. Ke2 Rxf4 35. Nxa6 Re4+ 36. Kd3 f5 37. Nc5 Rxb4 38. Kc3 Rb5 39. Kd4 Rxa5 40. Ke5 b6 41. Ke6 Rxc5 42. Rd1 Rd5 43. Rc1 Rc5 44. Rd1 Bd5+ 45. Ke7 h6 46. Rb1 Rc7+ 47. Kd8 Rb7 48. Rb5 Be4 49. Re5 Kf7 50. Rb5 Ke6 51. Kc8 Kd6 52. Rb2 Ra7 53. Rxb6+ Ke5 54. Rb5+ Kf4 55. Rb2 Rb7 56. Rxb7 Bxb7+ 57. Kxb7 Ke3 0-1

[Event "Quebec-ch qual"]
[Site "Gatineau CAN"]
[Date "2008.03.11"]
[Round "1"]
[White "Berthiaume, Serge"]
[Black "Libersan, Mattieu"]
[Result "0-1"]
[WhiteElo "1264"]
[BlackElo "1843"]
[PlyCount "52"]
[GameId "2160767910413228"]
[EventDate "2008.03.11"]
[EventType "swiss"]
[EventRounds "5"]
[EventCountry "CAN"]
[SourceTitle "EXT 2011"]
[Source "ChessBase"]
[SourceDate "2011.11.26"]
[SourceVersion "1"]
[SourceVersionDate "2011.11.26"]
[SourceQuality "1"]

1. d4 Nf6 2. c4 g6 3. Nc3 Bg7 4. Nf3 O-O 5. Bf4 d6 6. Qd2 Bg4 7. Bh6 Nbd7 8. Bxg7 Kxg7 9. e4 e5 10. d5 Nc5 11. Qe3 a5 12. h3 Bxf3 13. gxf3 Nh5 14. Ne2 f5 15. Rg1 fxe4 16. fxe4 Nf4 17. Ng3 Kh8 18. f3 Qh4 19. Kf2 Rf7 20. Rh1 Nh5 21. Rg1 Nxg3 22. Rxg3 Nxe4+ 23. Ke2 Nxg3+ 24. Kd3 Nxf1 25. Rxf1 Raf8 26. Ke2 Qxc4+ 0-1